<?xml version="1.0" encoding="UTF-8"?>
<record
    xmlns:xsi="http://www.w3.org/2001/XMLSchema-instance"
    xsi:schemaLocation="http://www.loc.gov/MARC21/slim http://www.loc.gov/standards/marcxml/schema/MARC21slim.xsd"
    xmlns="http://www.loc.gov/MARC21/slim">

  <leader>02506nam a2200313 i 4500</leader>
  <controlfield tag="003">CO-MdUADB</controlfield>
  <controlfield tag="005">20241209092519.0</controlfield>
  <controlfield tag="007">cr unu|||||n|n</controlfield>
  <controlfield tag="008">231201s2023    ck da||gom||| 00| 0 spa d</controlfield>
  <datafield tag="040" ind1=" " ind2=" ">
    <subfield code="a">CO-MdUADB</subfield>
    <subfield code="b">spa</subfield>
    <subfield code="c">CO-MdUADB</subfield>
    <subfield code="e">rda</subfield>
  </datafield>
  <datafield tag="041" ind1=" " ind2=" ">
    <subfield code="a">spa</subfield>
  </datafield>
  <datafield tag="100" ind1="1" ind2=" ">
    <subfield code="9">858093</subfield>
    <subfield code="a">Cardona Ceballos, Juliana</subfield>
    <subfield code="e">org</subfield>
  </datafield>
  <datafield tag="245" ind1="1" ind2=" ">
    <subfield code="a">Desarrollo de un biochar a partir de bagazo de fique (Furcraea spp) a trav&#xE9;s de un proceso de torrefacci&#xF3;n</subfield>
  </datafield>
  <datafield tag="264" ind1=" " ind2="0">
    <subfield code="a">El Carmen de Viboral :</subfield>
    <subfield code="b">Autor/a,</subfield>
    <subfield code="c">2023.</subfield>
  </datafield>
  <datafield tag="300" ind1=" " ind2=" ">
    <subfield code="a">Recurso en l&#xED;nea (40 p&#xE1;ginas) :</subfield>
    <subfield code="b">archivo de texto PDF, gr&#xE1;ficos</subfield>
  </datafield>
  <datafield tag="336" ind1=" " ind2=" ">
    <subfield code="2">rdacontent</subfield>
    <subfield code="a">texto</subfield>
    <subfield code="b">txt</subfield>
  </datafield>
  <datafield tag="337" ind1=" " ind2=" ">
    <subfield code="a">computadora</subfield>
  </datafield>
  <datafield tag="338" ind1=" " ind2=" ">
    <subfield code="a">recurso en l&#xED;nea</subfield>
  </datafield>
  <datafield tag="502" ind1=" " ind2=" ">
    <subfield code="b">47</subfield>
    <subfield code="c">9</subfield>
    <subfield code="d">2023.</subfield>
  </datafield>
  <datafield tag="520" ind1="3" ind2=" ">
    <subfield code="a">Se plantea desarrollar un biochar a partir de un residuo de bagazo de fique presente en el municipio de San Vicente Ferrer, Antioquia, el cual ha generado problemas ambientales en las fuentes h&#xED;dricas y en los suelos. A trav&#xE9;s de un proceso termoqu&#xED;mico como la torrefacci&#xF3;n, se plantea elaborar unas pruebas en temperaturas dentro de un rango de 200 &#xB0;C a 300&#xB0; C con dos estados del material de fique: h&#xFA;medo (HM) y seco (SM), a los cuales se les eval&#xFA;a el rendimiento m&#xE1;sico en el proceso, por medio de un an&#xE1;lisis descriptivo y ANOVA de un factor. Este estudio tiene como finalidad darle un aprovechamiento al bagazo, transform&#xE1;ndolo en un material bios&#xF3;lido que podr&#xED;a tener muchas funcionalidades ben&#xE9;ficas tanto para el &#xE1;rea agr&#xED;cola como para otras &#xE1;reas industriales, esto, permitir&#xED;a en un futuro, reducir el impacto ambiental que genera el depositar el residuo directamente en el medio ambiente. Los resultados evidencian que hay diferencia en la torrefacci&#xF3;n del bagazo en sus dos estados f&#xED;sicos h&#xFA;medo (HM) y seco (SM), el material seco (SM) tiene un mejor comportamiento en torno al rendimiento masa. Se concluye que el material seco (SM) tiene una media en rendimiento masa de 70.21 &#xB1; 6.83 %; con un mayor aprovechamiento de masa a 230&#xB0;C con 80 minutos de exposici&#xF3;n.</subfield>
  </datafield>
  <datafield tag="650" ind1="1" ind2="7">
    <subfield code="2">lemb</subfield>
    <subfield code="9">26203</subfield>
    <subfield code="a">Fique</subfield>
  </datafield>
  <datafield tag="650" ind1="1" ind2="7">
    <subfield code="2">lemb</subfield>
    <subfield code="9">35485</subfield>
    <subfield code="a">Humedad de suelos</subfield>
  </datafield>
  <datafield tag="650" ind1="1" ind2="7">
    <subfield code="2">lemb</subfield>
    <subfield code="9">108862</subfield>
    <subfield code="a">Impacto ambiental</subfield>
  </datafield>
  <datafield tag="650" ind1="1" ind2="7">
    <subfield code="2">agrovoc</subfield>
    <subfield code="9">38687</subfield>
    <subfield code="a">Tratamiento t&#xE9;rmico</subfield>
  </datafield>
  <datafield tag="650" ind1="1" ind2="0">
    <subfield code="9">124189</subfield>
    <subfield code="a">Cabuya</subfield>
  </datafield>
  <datafield tag="700" ind1="1" ind2=" ">
    <subfield code="9">662098</subfield>
    <subfield code="a">Borda Yepes, V&#xED;ctor Hugo</subfield>
    <subfield code="e">ths</subfield>
  </datafield>
  <datafield tag="856" ind1="4" ind2=" ">
    <subfield code="z">CONSULTE TEXTO COMPLETO EN EL REPOSITORIO INSTITUCIONAL UNIVERSIDAD DE ANTIOQUIA</subfield>
    <subfield code="u">https://bibliotecadigital.udea.edu.co/handle/10495/36975</subfield>
  </datafield>
  <datafield tag="942" ind1=" " ind2=" ">
    <subfield code="2">ddc</subfield>
    <subfield code="c">TESIS</subfield>
  </datafield>
  <datafield tag="999" ind1=" " ind2=" ">
    <subfield code="c">851395</subfield>
    <subfield code="d">851395</subfield>
  </datafield>
</record>
